000 00266nam a22001217a 4500
008 170712b xxu||||| |||| 00| 0 eng d
041 _aeng
080 _a030
100 _a26
101 _aENC
245 _aENCYCLOPEDIA BAKING FINANCE
_cMUN.G.G
942 _2udc
_cBK
999 _c20395
_d20395